[Event "RUS Rapid GP Serpukhov"]
[Site "Serpukhov RUS"]
[Date "2018.02.24"]
[Round "9.7"]
[White "Lavrov, Maxim1"]
[Black "Frolyanov, Dmitry"]
[Result "0-1"]
[WhiteTitle "IM"]
[BlackTitle "GM"]
[WhiteElo "2384"]
[BlackElo "2567"]
[WhiteFideId "4166418"]
[BlackFideId "4151976"]
[EventDate "2018.02.23"]

1. e4 c5 2. c3 Nf6 3. e5 Nd5 4. d4 cxd4 5. Nf3 d6 6. cxd4 e6 7. Bd3 Nc6 8. exd6
Bxd6 9. O-O O-O 10. Qe2 Ncb4 11. Bc4 Nf4 12. Bxf4 Bxf4 13. Nc3 Nd5 14. Qe4 Nxc3
15. Qxf4 Nd5 16. Bxd5 Qxd5 17. Rfc1 b6 18. Rc7 Bb7 19. Rac1 h6 20. h4 a5 21. Re7
Bc6 22. Qc7 Rfc8 23. Qxb6 Rab8 24. Qa7 Ra8 25. Qb6 Rab8 26. Qa7 Ra8 27. Qb6 Rab8
28. Qa7 Ra8 0-1

[Event "RUS Rapid GP Serpukhov"]
[Site "Serpukhov RUS"]
[Date "2018.02.24"]
[Round "9.8"]
[White "Pridorozhni, Aleksei"]
[Black "Burger, Konstantin"]
[Result "1-0"]
[WhiteTitle "GM"]
[WhiteElo "2570"]
[BlackElo "2138"]
[WhiteFideId "4127870"]
[BlackFideId "24118117"]
[EventDate "2018.02.23"]

1. e4 c5 2. Nf3 g6 3. d4 Bg7 4. Nc3 cxd4 5. Nxd4 Nc6 6. Be3 Nf6 7. Nxc6 bxc6 8.
e5 Ng8 9. Bd4 f6 10. exf6 Nxf6 11. Bc4 d5 12. Bb3 Bf5 13. O-O O-O 14. Re1 Qd7
15. Na4 Rae8 16. Be5 Qc8 17. Qd4 Qd7 18. f3 Qb7 19. Re2 Rf7 20. c4 Rd8 21. Rae1
Bc8 22. cxd5 cxd5 23. Rc2 e6 24. Rec1 Ne8 25. Bxg7 Nxg7 26. Qe5 Bd7 27. Nc5 Qb6
28. Kh1 Bb5 29. a4 Be8 30. Ba2 Qd6 31. Qxd6 Rxd6 32. b4 Kf8 33. b5 Re7 34. Rb2
e5 35. a5 Ne6 36. Nxe6+ Rexe6 37. Rc7 Re7 38. Rxe7 Kxe7 39. b6 axb6 40. axb6 Rd8
41. b7 Rb8 42. Bxd5 Kd6 43. Be4 Bd7 44. g4 h5 45. h3 hxg4 46. hxg4 g5 47. Rb6+
Kc5 48. Rg6 Bb5 49. Rxg5 Kd4 50. Kg2 Ba6 51. Rg7 Ke3 52. Kg3 Kd4 53. g5 Ke3 54.
g6 Bd3 55. Bxd3 Kxd3 56. Rf7 Rg8 57. g7 Kd4 58. Kg4 Kd5 59. Kf5 1-0

[Event "RUS Rapid GP Serpukhov"]
[Site "Serpukhov RUS"]
[Date "2018.02.24"]
[Round "9.9"]
[White "Hasangatin, Ramil"]
[Black "Morozevich, Alexander"]
[Result "0-1"]
[WhiteTitle "GM"]
[BlackTitle "GM"]
[WhiteElo "2502"]
[BlackElo "2665"]
[WhiteFideId "4122160"]
[BlackFideId "4116992"]
[EventDate "2018.02.23"]

1. e4 g6 2. d4 Bg7 3. Nf3 d6 4. c3 Nf6 5. Bd3 O-O 6. O-O c5 7. dxc5 dxc5 8. Qe2
Nc6 9. h3 Qc7 10. Re1 b6 11. e5 Nd5 12. a3 e6 13. c4 Nde7 14. Nc3 Ba6 15. Bg5
Rad8 16. Rad1 h6 17. Bf6 Nd4 18. Nxd4 Rxd4 19. Ne4 Bxf6 20. exf6 Nf5 21. Nd2 Bb7
22. Nb3 Rf4 23. Qe5 Qxe5 24. Rxe5 Rd8 25. Ree1 Nd6 26. Bxg6 Rxf6 27. Be4 Ba6 28.
Nd2 Kf8 29. b3 Ke7 30. f3 h5 31. a4 h4 32. Kf2 Rf4 33. Ke3 e5 34. Nb1 f5 35. Bd5
Rd4 36. Nc3 Kf6 37. Ne2 Nxc4+ 38. bxc4 Bxc4 39. Nxd4 cxd4+ 40. Kf2 Rxd5 41. Rc1
Rc5 42. Red1 Bb3 43. Re1 Ke6 44. g3 hxg3+ 45. Kxg3 d3 46. Ra1 Kd5 47. f4 e4 48.
Kh4 Kd4 49. Kg5 d2 50. Rh1 e3 51. h4 e2 0-1

[Event "RUS Rapid GP Serpukhov"]
[Site "Serpukhov RUS"]
[Date "2018.02.24"]
[Round "9.10"]
[White "Vul, Arkadi Eremeevich"]
[Black "Evdokimov, Alexander A."]
[Result "0-1"]
[WhiteTitle "GM"]
[BlackTitle "GM"]
[WhiteElo "2225"]
[BlackElo "2502"]
[WhiteFideId "4104307"]
[BlackFideId "4139275"]
[EventDate "2018.02.23"]

1. Nf3 Nf6 2. c4 c5 3. Nc3 g6 4. g3 Bg7 5. Bg2 O-O 6. O-O Nc6 7. d4 cxd4 8. Nxd4
Qa5 9. Nb3 Qh5 10. e4 d6 11. Qxh5 Nxh5 12. Nd5 Be6 13. c5 Rfd8 14. cxd6 exd6 15.
Bg5 Rd7 16. Rab1 Bxd5 17. exd5 Nb4 18. a3 Nd3 19. Na5 Re8 20. Rfd1 Nxb2 21. Rd2
b6 22. Nc6 Nc4 23. Ra2 h6 24. Bd2 Re2 25. Bf1 Nxd2 26. Kg2 Rxf2+ 27. Kxf2 Nxb1
28. Re2 Nf6 29. Bh3 Rc7 30. a4 Nc3 0-1

[Event "RUS Rapid GP Serpukhov"]
[Site "Serpukhov RUS"]
[Date "2018.02.24"]
[Round "9.11"]
[White "Smirnov, Timofey"]
[Black "Solozhenkin, Evgeniy"]
[Result "0-1"]
[WhiteTitle "FM"]
[BlackTitle "GM"]
[WhiteElo "2324"]
[BlackElo "2433"]
[WhiteFideId "24176427"]
[BlackFideId "4102266"]
[EventDate "2018.02.23"]

1. e4 e5 2. Nf3 Nc6 3. Bc4 Bc5 4. c3 Nf6 5. d3 a6 6. O-O Ba7 7. Bb3 d6 8. Bg5 h6
9. Be3 O-O 10. Nbd2 Re8 11. Re1 Be6 12. Bc2 d5 13. Bxa7 Rxa7 14. Qe2 Ra8 15.
Rad1 d4 16. Bb3 Bxb3 17. Nxb3 dxc3 18. bxc3 Qd6 19. Qc2 Nh5 20. Nfd2 Nf4 21. Nc4
Qg6 22. Ne3 Rad8 23. g3 Ne7 24. f3 f5 25. Kh1 Nh3 26. Qg2 Ng5 27. f4 Nf7 28.
fxe5 fxe4 29. d4 Ng5 30. Rf1 Rf8 31. Rxf8+ Rxf8 32. Rf1 Rf3 33. Rxf3 exf3 34.
Qc2 Ne4 35. Kg1 Nd5 36. Qc1 Nf4 37. Qf1 Ne2+ 38. Kh1 N2xg3+ 0-1

[Event "RUS Rapid GP Serpukhov"]
[Site "Serpukhov RUS"]
[Date "2018.02.24"]
[Round "9.13"]
[White "Sergienko, Sergey"]
[Black "Popov, Ivan RUS"]
[Result "0-1"]
[WhiteTitle "IM"]
[BlackTitle "GM"]
[WhiteElo "2315"]
[BlackElo "2608"]
[WhiteFideId "4115791"]
[BlackFideId "4170350"]
[EventDate "2018.02.23"]

1. Nf3 Nf6 2. c4 e6 3. g3 d5 4. Bg2 dxc4 5. Qa4+ Bd7 6. Qxc4 c5 7. O-O Bc6 8. d3
Nbd7 9. Nbd2 Be7 10. a3 Rc8 11. b3 O-O 12. Bb2 b5 13. Qc2 a6 14. Rac1 Qb6 15.
Qb1 Ba8 16. Qa1 Rc7 17. Rc2 Rfc8 18. Rfc1 Ne8 19. e4 Bf6 20. e5 Be7 21. Re1 Bd5
22. Qd1 Qb7 23. Qe2 Nb6 24. h4 h6 25. Qe3 a5 26. Qf4 a4 27. bxa4 Nxa4 28. Ne4
Nxb2 29. Rxb2 Qa6 30. Bf1 b4 31. axb4 cxb4 32. Qd2 b3 33. Nd4 Qa4 34. Qf4 Qa3
35. Reb1 Rb7 36. Nd2 Rb4 37. Nc4 Bxc4 38. dxc4 Qa7 39. Rxb3 Rxb3 40. Rxb3 Bc5
41. Nb5 Qe7 42. Rf3 Rd8 43. Bd3 f6 44. exf6 Nxf6 45. Qe5 Bxf2+ 46. Rxf2 Rxd3 47.
Re2 Kh7 48. Nd4 Qa7 49. c5 Qa1+ 50. Kg2 Qxd4 51. Qxd4 Rxd4 52. Rxe6 Rc4 53. c6
Kg6 54. Kf3 Kf7 0-1

[Event "RUS Rapid GP Serpukhov"]
[Site "Serpukhov RUS"]
[Date "2018.02.24"]
[Round "9.14"]
[White "Iljiushenok, Ilia"]
[Black "Novikov, Konstantin"]
[Result "1/2-1/2"]
[WhiteTitle "IM"]
[WhiteElo "2528"]
[BlackElo "2255"]
[WhiteFideId "24105074"]
[BlackFideId "24163554"]
[EventDate "2018.02.23"]

1. c4 c5 2. Nc3 Nc6 3. g3 g6 4. Bg2 Bg7 5. Nh3 e5 6. d3 Nge7 7. O-O O-O 8. f4 d6
9. Bd2 Be6 10. Ng5 d5 11. cxd5 Nxd5 12. Nxe6 fxe6 13. fxe5 Rxf1+ 14. Qxf1 Bxe5
15. Qf3 Bd4+ 16. e3 Nxc3 17. bxc3 Bg7 18. Qe4 Qd6 19. Rb1 Rb8 20. d4 Bh6 21. Be1
cxd4 22. exd4 Na5 23. Rb2 Re8 24. Re2 Bg7 25. g4 Nc6 26. Bg3 Qa3 27. d5 Nd8 28.
dxe6 Nxe6 29. Qc4 Qxc3 30. Qxc3 Bxc3 31. Bxb7 Bd4+ 32. Kh1 Kf7 33. Bd5 g5 34.
Re4 Bb6 35. a4 Kf6 36. Be5+ Kg6 37. Bc3 Nc7 38. a5 Bc5 39. Kg2 Nxd5 40. Rxe8
Nxc3 41. Rc8 Bd4 1/2-1/2

[Event "RUS Rapid GP Serpukhov"]
[Site "Serpukhov RUS"]
[Date "2018.02.24"]
[Round "9.16"]
[White "Fakhrutdinov, Timur"]
[Black "Klimentov, Evgeny"]
[Result "1-0"]
[WhiteTitle "FM"]
[BlackTitle "FM"]
[WhiteElo "2429"]
[BlackElo "2232"]
[WhiteFideId "24176702"]
[BlackFideId "24128899"]
[EventDate "2018.02.23"]

1. e4 c5 2. Nf3 e6 3. d4 cxd4 4. Nxd4 Nf6 5. Nc3 Nc6 6. Ndb5 Bb4 7. a3 Bxc3+ 8.
Nxc3 d5 9. exd5 Nxd5 10. Nxd5 exd5 11. Bd3 Qe7+ 12. Qe2 Qxe2+ 13. Kxe2 Ne5 14.
Bb5+ Bd7 15. Bxd7+ Kxd7 16. Rd1 Kc6 17. b3 Rhe8 18. Kf1 f6 19. Bb2 a6 20. Rd4
Rad8 21. Rad1 Rd7 22. h3 Red8 23. f4 Nf7 24. c4 b6 25. Ke2 dxc4 26. Rxc4+ Kb7
27. Rxd7+ Rxd7 28. g4 b5 29. Re4 Kc6 30. Bc3 h6 31. Bb4 Nd8 32. Ke3 Kd5 33. Rd4+
Kc6 34. f5 Nf7 35. Rxd7 Kxd7 36. Bf8 a5 37. Bxg7 Ke7 38. Kd4 a4 39. b4 Ng5 40.
Bxh6 Nxh3 41. Kc5 Nf2 42. Kxb5 Nxg4 43. Bf4 Nf2 44. Kxa4 Nd3 45. Bg3 Kd7 46. Kb5 1-0

[Event "RUS Rapid GP Serpukhov"]
[Site "Serpukhov RUS"]
[Date "2018.02.24"]
[Round "9.17"]
[White "Bordovsky, Vladimir"]
[Black "Kiseleva, Arina"]
[Result "1-0"]
[BlackTitle "WCM"]
[WhiteElo "2326"]
[BlackElo "2067"]
[WhiteFideId "14118467"]
[BlackFideId "4164989"]
[EventDate "2018.02.23"]

1. Nf3 Nf6 2. d4 e6 3. e3 b6 4. Bd3 Bb7 5. Nbd2 c5 6. O-O Be7 7. c3 O-O 8. e4 d6
9. a3 Nc6 10. b4 Rc8 11. Bb2 a6 12. Qe2 Nb8 13. Rfe1 Re8 14. Rad1 Qc7 15. Nf1 d5
16. e5 Nfd7 17. Ng3 f6 18. exf6 Bxf6 19. Ne5 Bxe5 20. dxe5 g6 21. h4 Nf8 22. h5
c4 23. Bc2 Nc6 24. Bc1 Rcd8 25. Bg5 Rd7 26. Qe3 Ne7 27. Qf4 Nf5 28. Bf6 Rf7 29.
Nxf5 exf5 30. Qg3 Re6 31. Qg5 h6 32. Qh4 g5 33. Qd4 f4 34. Bf5 b5 35. Bxe6 Nxe6
36. Qd2 Qc6 37. f3 Nf8 38. Qd4 Ne6 39. Qf2 Nc7 40. Qc2 Qb6+ 41. Kh1 Rxf6 42.
exf6 Qxf6 43. Qg6+ 1-0

[Event "RUS Rapid GP Serpukhov"]
[Site "Serpukhov RUS"]
[Date "2018.02.24"]
[Round "9.18"]
[White "Cherenkov, Andrey"]
[Black "Sakun, Volodymyr"]
[Result "1-0"]
[WhiteTitle "FM"]
[BlackTitle "FM"]
[WhiteElo "2177"]
[BlackElo "2330"]
[WhiteFideId "4185315"]
[BlackFideId "14114062"]
[EventDate "2018.02.23"]

1. e4 c5 2. Nc3 Nc6 3. g3 g6 4. Bg2 Bg7 5. d3 d6 6. Be3 Nf6 7. h3 O-O 8. f4 Nd4
9. Nf3 Ne8 10. Qd2 Rb8 11. Nd1 b5 12. c3 Nxf3+ 13. Bxf3 b4 14. g4 bxc3 15. bxc3
f5 16. gxf5 gxf5 17. Rg1 Kh8 18. e5 Bb7 19. Bh5 Nc7 20. Rb1 Bc6 21. Rxb8 Qxb8
22. Qf2 Be8 23. Bf3 Bg6 24. d4 cxd4 25. cxd4 Qb4+ 26. Bd2 Qc4 27. Nc3 Rb8 28.
Bd1 Qf7 29. Bb3 Qe8 30. h4 Bh5 31. Nd1 Bf7 32. Bc2 Bxa2 33. Bxf5 Bb1 34. Qg2 Qf7
35. Bxb1 Rxb1 36. Qe4 Qb3 37. Ke2 Qc4+ 38. Kf2 Qa2 39. Ke2 Qc4+ 40. Kf2 Qa2 41.
Ke2 Qc4+ 42. Qd3 Qxd3+ 43. Kxd3 Nd5 44. Ke4 Nb6 45. Kd3 Nd5 46. Rf1 Kg8 47. Ke4
Nb6 48. f5 Nc4 49. Bc3 d5+ 50. Kxd5 Rxd1 51. Rxd1 Ne3+ 52. Ke6 Nxd1 53. Bb4 Bf8
54. Bxe7 a5 55. d5 Bxe7 56. Kxe7 Ne3 57. d6 Nxf5+ 58. Kf6 Nd4 59. e6 Kf8 60. d7
Nc6 61. e7+ 1-0

[Event "RUS Rapid GP Serpukhov"]
[Site "Serpukhov RUS"]
[Date "2018.02.24"]
[Round "9.19"]
[White "Arkhipenko, Daniil"]
[Black "Volovikov, Anton"]
[Result "1/2-1/2"]
[BlackTitle "FM"]
[WhiteElo "2143"]
[BlackElo "2271"]
[WhiteFideId "4191366"]
[BlackFideId "14120283"]
[EventDate "2018.02.23"]

1. d4 d5 2. c4 Bf5 3. Nc3 e6 4. cxd5 exd5 5. Bf4 c6 6. Nf3 Nf6 7. e3 Nbd7 8. Bd3
Bg6 9. Bxg6 hxg6 10. h3 Be7 11. Qb3 Qb6 12. O-O Qxb3 13. axb3 Ne4 14. Nxe4 dxe4
15. Nd2 f5 16. f3 exf3 17. Rxf3 Bb4 18. Nc4 O-O 19. Bd6 Bxd6 20. Nxd6 b5 21. e4
fxe4 22. Nxe4 Rfe8 23. Ng5 c5 24. dxc5 Nxc5 25. Rc1 Re5 26. h4 Rae8 27. Rfc3 Ne4
28. Nxe4 Rxe4 29. Rc7 Re1+ 30. Rxe1 Rxe1+ 31. Kf2 Rb1 32. Rc2 Kf7 33. Ke3 Kf6
34. Kd4 Kf5 35. Rc5+ Kg4 36. Rg5+ Kxh4 37. Rxg6 Rxb2 38. Kc3 Ra2 39. Kb4 a6 40.
Rxg7 Kh5 41. Kc5 Ra3 42. Kb4 Ra2 43. Rg8 Kh6 44. g3 Kh7 45. Rg4 Ra1 46. Kc5 Ra3
47. Kb4 Ra1 48. Kc3 a5 49. Kb2 Rg1 50. Rg5 b4 51. Kc2 Ra1 52. Kb2 Ra3 53. Rc5 a4
54. bxa4 Rxa4 1/2-1/2

[Event "RUS Rapid GP Serpukhov"]
[Site "Serpukhov RUS"]
[Date "2018.02.24"]
[Round "9.20"]
[White "Dvalishvili, Pavel S."]
[Black "Sukhareva, Evgeniya"]
[Result "1/2-1/2"]
[WhiteTitle "IM"]
[WhiteElo "2413"]
[BlackElo "2224"]
[WhiteFideId "4121996"]
[BlackFideId "4167155"]
[EventDate "2018.02.23"]

1. e4 c5 2. b3 d6 3. Bb2 e5 4. Bc4 Nf6 5. d3 a6 6. a4 Nc6 7. Ne2 g6 8. O-O Bg7
9. Nbc3 O-O 10. h3 Be6 11. f4 Nd4 12. a5 Nd7 13. Nd5 Nf6 14. Nb6 Rb8 15. Bxe6
fxe6 16. fxe5 dxe5 17. Nxd4 exd4 18. Bc1 Qe7 19. Bg5 h6 20. Bxf6 Bxf6 21. Qg4
Kh7 22. Nc4 h5 23. Qe2 Bg7 24. e5 Rf5 25. Rxf5 exf5 26. e6 Re8 27. Re1 Bf6 28.
Qf3 Kg7 29. Re2 Qc7 30. g4 hxg4 31. hxg4 fxg4 32. Qxg4 Qc6 33. Qe4 Qc7 34. Rg2
g5 35. Qd5 Qf4 36. Qxb7+ Re7 37. Qe4 Qxe4 38. dxe4 Rxe6 39. Rg4 Kg6 40. Kf2 Be5
41. Rg1 Bf4 42. Kf3 Re8 43. Rh1 Rf8 44. Ke2 Bg3 45. e5 Re8 46. Kd3 Bxe5 47. Re1
Kf6 48. Rh1 Bf4 49. Rh6+ Kf5 50. Rc6 Kg4 51. Rxc5 Kh3 52. Rf5 Bc1 53. Ne5 Bf4
54. Ng6 Bc1 55. Kxd4 g4 56. Ne5 g3 57. Rh5+ Kg2 58. Rf5 Kh3 59. Rh5+ Kg2 60. Rf5
Kh3 61. Rh5+ Kg2 62. Rf5 Be3+ 1/2-1/2

[Event "RUS Rapid GP Serpukhov"]
[Site "Serpukhov RUS"]
[Date "2018.02.24"]
[Round "9.21"]
[White "Zakirov, Vladislav"]
[Black "Kholin, Aleksandr"]
[Result "0-1"]
[BlackTitle "FM"]
[WhiteElo "2080"]
[BlackElo "2410"]
[WhiteFideId "34145874"]
[BlackFideId "14179385"]
[EventDate "2018.02.23"]

1. e4 e5 2. Nf3 Nc6 3. Bc4 g6 4. d4 exd4 5. Nxd4 Bg7 6. Nxc6 bxc6 7. O-O Ne7 8.
Nc3 O-O 9. Bb3 d6 10. Be3 a5 11. Bd4 c5 12. Bxg7 Kxg7 13. Bc4 Be6 14. Nd5 Bxd5
15. Bxd5 c6 16. Bc4 d5 17. exd5 cxd5 18. Bb5 Qb6 19. a4 Qf6 20. c3 Rfd8 21. Re1
Nf5 22. Rc1 Rab8 23. Qd2 h5 24. Qf4 Nd6 25. Qd2 Nxb5 26. axb5 Rxb5 27. h3 d4 28.
cxd4 Rxd4 29. Qe3 Rxb2 30. Rxc5 Rdd2 31. Rf1 Re2 32. Qg3 h4 33. Qc3 Qxc3 34.
Rxc3 Re4 35. Ra3 a4 36. Rc1 Rf4 37. f3 Rb3 38. Ra2 a3 39. Rc6 Rd4 40. Kf2 Rb2+
41. Rxb2 axb2 42. Rb6 Rd2+ 43. Kg1 Rc2 44. Kh2 Kf8 45. Rb7 Ke8 46. f4 Kd8 47. f5
gxf5 48. Rxf7 Rxg2+ 49. Kxg2 b1=Q 50. Rh7 Qe4+ 51. Kf2 Qf4+ 52. Ke2 Qg3 0-1

[Event "RUS Rapid GP Serpukhov"]
[Site "Serpukhov RUS"]
[Date "2018.02.24"]
[Round "9.22"]
[White "Girya, Olga"]
[Black "Fadeev, Semen"]
[Result "1-0"]
[WhiteTitle "WGM"]
[WhiteElo "2482"]
[BlackElo "2168"]
[WhiteFideId "4195752"]
[BlackFideId "4177738"]
[EventDate "2018.02.23"]

1. d4 e6 2. c4 f5 3. Nf3 Nf6 4. g3 Be7 5. Bg2 O-O 6. O-O d6 7. Nc3 Ne4 8. Bd2
Bf6 9. Qc2 Nxd2 10. Qxd2 c6 11. e4 e5 12. dxe5 dxe5 13. Qxd8 Rxd8 14. Bh3 Rd3
15. Kg2 fxe4 16. Bxc8 exf3+ 17. Kg1 Nd7 18. Bxb7 Rb8 19. Bxc6 Rxb2 20. Ne4 Kf8
21. Rfd1 Rxd1+ 22. Rxd1 Nb6 23. c5 Nc4 24. Nxf6 gxf6 25. Bxf3 Nd2 26. Bd5 e4 27.
c6 Rc2 28. c7 Nf3+ 29. Kg2 f5 30. Be6 Rxc7 31. Bxf5 Rc4 32. Bxe4 Rxe4 33. Kxf3
Ra4 34. Rd2 Ra3+ 35. Kg4 Ke7 36. f4 Ke6 37. Re2+ Kf6 38. Kh4 a5 39. Kh5 Kg7 40.
Kg5 Ra4 41. Re7+ Kf8 42. Rxh7 Rxa2 43. h4 a4 44. Ra7 1-0

[Event "RUS Rapid GP Serpukhov"]
[Site "Serpukhov RUS"]
[Date "2018.02.24"]
[Round "10.2"]
[White "Rakhmanov, Aleksandr"]
[Black "Bocharov, Dmitry"]
[Result "0-1"]
[WhiteTitle "GM"]
[BlackTitle "GM"]
[WhiteElo "2655"]
[BlackElo "2594"]
[WhiteFideId "4173708"]
[BlackFideId "4138716"]
[EventDate "2018.02.23"]

1. d4 Nf6 2. c4 e6 3. Nc3 Bb4 4. e3 O-O 5. Bd3 d5 6. Ne2 b6 7. a3 Be7 8. cxd5
exd5 9. b4 Bb7 10. O-O Nbd7 11. Rb1 Re8 12. b5 a6 13. a4 axb5 14. axb5 Bd6 15.
Nf4 Nf8 16. h3 Bxf4 17. exf4 Ne4 18. Ne2 Qf6 19. Qc2 Re7 20. Be3 Ng6 21. Ra1 Rc8
22. Ra7 Nd6 23. f5 Nf8 24. Qd2 h6 25. Nf4 Rd7 26. Qa2 Rb8 27. Rc1 Qd8 28. Qe2
Nh7 29. Nh5 Nf6 30. Bf4 Nxh5 31. Qxh5 Ne4 32. f3 Nd6 33. Kh2 f6 34. Qg4 Kh8 35.
Qg3 Rc8 36. Ra2 c5 37. bxc6 Rxc6 38. Re1 Rc8 39. Rae2 Nf7 40. h4 Qf8 41. Re6 Bc6
42. Qg6 Ra7 43. Bb1 b5 44. Qg3 b4 45. Qf2 Bb5 46. g4 b3 47. Kg3 Kg8 48. Qd2 Qd8
49. Qb4 Bc4 50. R1e3 Kh7 51. Re7 Rca8 52. g5 hxg5 53. hxg5 fxg5 54. f6+ Kg8 55.
Be5 gxf6 56. Rxa7 Rxa7 57. Bxf6 Qd6+ 58. Qxd6 Nxd6 59. Re6 Ra6 60. Kg4 Kf7 61.
Bf5 Nxf5 0-1

[Event "RUS Rapid GP Serpukhov"]
[Site "Serpukhov RUS"]
[Date "2018.02.24"]
[Round "10.3"]
[White "Ponkratov, Pavel"]
[Black "Goganov, Aleksey"]
[Result "1-0"]
[WhiteTitle "GM"]
[BlackTitle "GM"]
[WhiteElo "2605"]
[BlackElo "2564"]
[WhiteFideId "4157800"]
[BlackFideId "24109959"]
[EventDate "2018.02.23"]

1. c4 c6 2. e4 d5 3. exd5 cxd5 4. d4 Nf6 5. Nc3 Nc6 6. Bg5 e6 7. Nf3 Be7 8. Bd3
dxc4 9. Bxc4 O-O 10. O-O b6 11. Re1 Bb7 12. a3 Rc8 13. Qd3 Nd5 14. Bxd5 Bxg5 15.
Be4 g6 16. Rad1 Bf6 17. d5 exd5 18. Bxd5 Bg7 19. Nb5 Ba6 20. Qb3 Qf6 21. Nd6 Na5
22. Qa2 Rc2 23. Nxf7 Qxb2 24. Nh6+ Kh8 25. Nf7+ Kg8 26. N7e5+ Kh8 27. Qxb2 Rxb2
28. Nf7+ Kg8 29. Nd6+ Kh8 30. Re7 Be2 31. Rc1 Bxf3 32. gxf3 Rd2 33. Nf7+ Kg8 34.
Be6 Re2 35. Ng5+ Kh8 36. Rcc7 1-0

[Event "RUS Rapid GP Serpukhov"]
[Site "Serpukhov RUS"]
[Date "2018.02.24"]
[Round "10.4"]
[White "Alekseev, Evgeny"]
[Black "Grachev, Boris"]
[Result "1/2-1/2"]
[WhiteTitle "GM"]
[BlackTitle "GM"]
[WhiteElo "2616"]
[BlackElo "2653"]
[WhiteFideId "4138147"]
[BlackFideId "4129199"]
[EventDate "2018.02.23"]

1. Nf3 d5 2. e3 Nf6 3. c4 e6 4. b3 Be7 5. Bb2 O-O 6. Nc3 b6 7. cxd5 Nxd5 8. Nxd5
exd5 9. Be2 c5 10. O-O Be6 11. d4 Nd7 12. dxc5 bxc5 13. Qc2 Bf6 14. Rac1 Rc8 15.
Rfd1 Qa5 16. Bxf6 Nxf6 17. Qb2 h6 18. Ra1 1/2-1/2

[Event "RUS Rapid GP Serpukhov"]
[Site "Serpukhov RUS"]
[Date "2018.02.24"]
[Round "10.5"]
[White "Evdokimov, Alexander A."]
[Black "Pridorozhni, Aleksei"]
[Result "0-1"]
[WhiteTitle "GM"]
[BlackTitle "GM"]
[WhiteElo "2502"]
[BlackElo "2570"]
[WhiteFideId "4139275"]
[BlackFideId "4127870"]
[EventDate "2018.02.23"]

1. d4 g6 2. Nf3 Bg7 3. e4 d6 4. c3 Nf6 5. Bd3 O-O 6. O-O Nbd7 7. Re1 e5 8. Bg5
h6 9. Bh4 c6 10. Nbd2 Qc7 11. a4 Re8 12. a5 Nf8 13. Nc4 g5 14. Bg3 Ng6 15. Bf1
Bg4 16. h3 Bh5 17. dxe5 dxe5 18. Qd6 Qxd6 19. Nxd6 Re7 20. Nf5 Ree8 21. Nd2 Nf4
22. Nc4 Bf8 23. f3 Bg6 24. Nfd6 Re7 25. Bf2 Ne8 26. Nf5 Bxf5 27. exf5 f6 28.
Rad1 Nd5 29. Nd2 b5 30. axb6 axb6 31. Ne4 Kg7 32. c4 Nb4 33. Bxb6 Rb7 34. Bc5
Rab8 35. Rd2 Na6 36. Bxf8+ Kxf8 37. c5 Nac7 38. Rb1 Rb4 39. Rd7 Nd5 40. Ra1 R4b7
41. Rxb7 Rxb7 42. Ra2 Rb4 43. Kf2 h5 44. Ke1 h4 45. Kd2 Rd4+ 46. Ke1 Rb4 47. Be2
Ke7 48. Ra7+ Kd8 49. Ra8+ Kd7 50. Ra7+ Nec7 51. Ra2 Ke7 52. Nd2 Kd8 53. Bf1 Ke7
54. Nc4 Rb5 55. Ra5 Rxa5 56. Nxa5 Kd7 57. Kd2 Ne7 58. Bd3 Ncd5 59. Nc4 Nf4 60.
Nd6 Nxg2 61. Ne4 Nd5 62. Bf1 Ngf4 63. b4 Ke7 64. b5 cxb5 65. Bxb5 Nxh3 66. Ke1
Nhf4 67. Kf2 Nh5 68. Bc4 Nc7 69. Nd6 Ne8 70. Nb5 Ng3 71. Bd3 Kd7 72. Nc3 Nc7 73.
Be4 Nxe4+ 74. Nxe4 Nd5 75. Kg2 Ke7 76. Kh3 Ne3 77. Nd6 Nd5 78. Ne4 Kf7 79. Nd6+
Kf8 80. Kh2 Ke7 81. Kh3 Kf8 82. Kg4 Nb4 83. Ne4 Kg7 84. Kh3 Nd3 85. Nd6 Nxc5 86.
Kg4 Kf8 87. Nc4 Nd3 88. Kh3 Nf4+ 89. Kg4 Nd5 90. Kh3 Ke7 91. Kg4 Kd7 92. Kh3 Kc6
93. Nd2 Kc5 94. Ne4+ Kd4 95. Kg4 Ke3 96. Nd6 Kf2 97. Ne4+ Kg2 0-1

[Event "RUS Rapid GP Serpukhov"]
[Site "Serpukhov RUS"]
[Date "2018.02.24"]
[Round "10.6"]
[White "Morozevich, Alexander"]
[Black "Timofeev, Artyom"]
[Result "1-0"]
[WhiteTitle "GM"]
[BlackTitle "GM"]
[WhiteElo "2665"]
[BlackElo "2569"]
[WhiteFideId "4116992"]
[BlackFideId "4140419"]
[EventDate "2018.02.23"]

1. e4 e5 2. Nf3 Nf6 3. Nxe5 Qe7 4. d4 Nc6 5. Nf3 Nxe4 6. Be2 d5 7. O-O Bg4 8. c4
O-O-O 9. cxd5 Nb4 10. Re1 f5 11. Nc3 Nxd5 12. Bd3 Qf6 13. Nxe4 fxe4 14. Bxe4 Bb4
15. Re2 h6 16. Qa4 Qb6 17. a3 Bf8 18. Bxd5 Rxd5 19. Re8+ Rd8 20. Ne5 Be6 21. Be3
Qxb2 22. Rf1 Qxa3 23. Qxa3 Bxa3 24. Rxe6 a5 25. Ra1 Bb4 26. Nf7 Rde8 27. d5 Rxe6
28. dxe6 Re8 29. Bd4 Rxe6 30. h4 Re7 31. Ne5 c5 32. Bb2 b5 33. Nc6 Rc7 34. Nxa5
c4 35. Be5 Rc5 36. Bxg7 Bxa5 37. Rxa5 Kb7 38. g4 Rd5 39. g5 Kb6 40. Ra8 hxg5 41.
h5 g4 42. h6 Rh5 43. Kg2 b4 44. Rc8 1-0

[Event "RUS Rapid GP Serpukhov"]
[Site "Serpukhov RUS"]
[Date "2018.02.24"]
[Round "10.7"]
[White "Solozhenkin, Evgeniy"]
[Black "Savchenko, Boris"]
[Result "0-1"]
[WhiteTitle "GM"]
[BlackTitle "GM"]
[WhiteElo "2433"]
[BlackElo "2550"]
[WhiteFideId "4102266"]
[BlackFideId "4147332"]
[EventDate "2018.02.23"]

1. e4 e6 2. d4 d5 3. Nd2 Be7 4. Bd3 c5 5. dxc5 Nf6 6. Qe2 O-O 7. Ngf3 a5 8. O-O
Na6 9. exd5 exd5 10. Bxa6 Rxa6 11. Nd4 Bxc5 12. N2b3 Re8 13. Qd3 Bd6 14. a4 Bb8
15. Nb5 Ne4 16. Bd2 Qh4 17. g3 Qh3 18. Rfe1 Rf6 19. Be3 Nxg3 20. fxg3 Bxg3 21.
Re2 Bxh2+ 22. Rxh2 Rg6+ 0-1

[Event "RUS Rapid GP Serpukhov"]
[Site "Serpukhov RUS"]
[Date "2018.02.24"]
[Round "10.8"]
[White "Frolyanov, Dmitry"]
[Black "Krylov, Mikhail RUS"]
[Result "1-0"]
[WhiteTitle "GM"]
[BlackTitle "GM"]
[WhiteElo "2567"]
[BlackElo "2476"]
[WhiteFideId "4151976"]
[BlackFideId "4151364"]
[EventDate "2018.02.23"]

1. e4 c5 2. Nf3 e6 3. d4 cxd4 4. Nxd4 Nc6 5. Nc3 Qc7 6. Be3 a6 7. Be2 Nf6 8. O-O
Be7 9. f4 d6 10. a4 O-O 11. Kh1 Rb8 12. Qe1 b6 13. Qg3 Bb7 14. Bd3 Nb4 15. Nf3
d5 16. e5 Ne4 17. Qh3 g6 18. Ne2 Nc5 19. f5 exf5 20. Bxf5 Bc8 21. Bxc8 Qxc8 22.
Qh6 Ne6 23. Ned4 f5 24. Nxe6 Qxe6 25. Nd4 Qc8 26. Ra3 Nc6 27. Rc3 Bc5 28. Nxc6
Qxc6 29. Bg5 Qe6 30. Bf6 Rb7 31. Rg3 Rxf6 32. exf6 Qxf6 33. c3 Re7 34. Qd2 d4
35. cxd4 Bxd4 36. Rd3 Be5 37. Rd8+ Kg7 38. Rd7 Rxd7 39. Qxd7+ Kh6 40. Rf3 Qd6
41. Rh3+ Kg5 42. Qxd6 Bxd6 43. Rxh7 a5 44. g3 f4 45. Kg2 fxg3 46. hxg3 Be5 47.
b3 Kg4 48. Rh4+ Kf5 49. Kf3 g5 50. Rc4 Bd6 51. g4+ Ke5 52. Ke3 Kd5 53. Kd3 Bf4
54. Rc8 Be5 55. Rg8 Bf4 56. Rf8 Kc5 57. Rf5+ Kc6 58. Ke4 1-0